| 000 | 00997 am a2200289 a 4500 | ||
|---|---|---|---|
| 005 | 20240522092717.0 | ||
| 008 | 100329s1994||||ag a f |||| 000 0 spa d | ||
| 020 | _aS/N | ||
| 041 | _aspa | ||
| 092 |
_c615.5 _l31 _sGUI |
||
| 245 |
_aGuía de la buena prescripción. _bManual práctico / _cT. P. G. M. de Vries |
||
| 250 |
_a1a ed. _bAdaptación al castellano: Joan-Ramon Laporte ; Montserrat Bosch y Dolors Capella |
||
| 260 |
_aBuenos Aires: _bOMS; _c1994. |
||
| 300 | _a114 p. | ||
| 500 | _aVries, T. P. G. M. de. et al. (1994). Guía de la buena Prescripción. Manual Práctico. (1a ed.). Ginebra : OMS. | ||
| 590 | _aDonación J. M. Alfonso, Mayo 2008 | ||
| 653 | _aMedicamentos | ||
| 653 | _aBases de la farmacología para la práctica diaria | ||
| 653 | _aTratamiento de pacientes | ||
| 700 | 1 |
_aVries, T.P.G.M. de _9391 |
|
| 700 | 1 |
_aHenning, R.H. _9391 |
|
| 700 | 1 |
_aHogerzeil, H.V. _9392 |
|
| 700 | 1 |
_aFresle, D.A. _9393 |
|
| 930 | _a530 | ||
| 930 | _a1932 | ||
| 942 |
_2ddc _cBK |
||
| 999 |
_c192 _d192 |
||